Introduction to meetings, incentives, conferences and events management (MICE) (Record no. 364799)
[ view plain ]
| 000 -LEADER | |
|---|---|
| fixed length control field | 00553nam a22001697a 4500 |
| 003 - CONTROL NUMBER IDENTIFIER | |
| control field | 0 |
| 005 - DATE AND TIME OF LATEST TRANSACTION | |
| control field | 20220903103349.0 |
| 008 - FIXED-LENGTH DATA ELEMENTS--GENERAL INFORMATION | |
| fixed length control field | 220903b xxu||||| |||| 00| 0 eng d |
| 020 ## - INTERNATIONAL STANDARD BOOK NUMBER | |
| International Standard Book Number | 978-621-04-0384-8 |
| 050 ## - LIBRARY OF CONGRESS CALL NUMBER | |
| Classification number | TX911.2 |
| Item number | C78 2020 |
| 245 ## - TITLE STATEMENT | |
| Title | Introduction to meetings, incentives, conferences and events management (MICE) |
| Statement of responsibility, etc | Zenaida Cruz |
| 260 ## - PUBLICATION, DISTRIBUTION, ETC. (IMPRINT) | |
| Place of publication, distribution, etc | Manila |
| Name of publisher, distributor, etc | Rex bookstore |
| Date of publication, distribution, etc | C2020 |
| 300 ## - PHYSICAL DESCRIPTION | |
| Extent | v,214pp |
| Dimensions | 25cm |
| Accompanying material | Includes references, glossary and index. |
| Type of unit | Book |
| 500 ## - GENERAL NOTE | |
| General note | Meetings, incentives. |
| 500 ## - GENERAL NOTE | |
| General note | Hospitality indistry. |
| 942 ## - ADDED ENTRY ELEMENTS (KOHA) | |
| Source of classification or shelving scheme | Library of Congress Classification |
| Koha item type | Books |
| Withdrawn status | Lost status | Source of classification or shelving scheme | Damaged status | Home library | Current library | Shelving location | Date acquired | Source of acquisition | Sub Shelving location | Total Checkouts | Full call number | Barcode | Date last seen | Price effective from | Koha item type |
|---|---|---|---|---|---|---|---|---|---|---|---|---|---|---|---|
| Library of Congress Classification | College Library | College Library | Filipiniana Section | 09/03/2022 | Library Fund | TX911.2 C78 2020 | C22675 | 09/03/2022 | 09/03/2022 | Books | |||||
| Library of Congress Classification | College Library | College Library | Filipiniana Section | 09/03/2022 | Library Fund | TX911.2 C78 2020 | C22676 | 09/03/2022 | 09/03/2022 | Books |